000 00461nam a2200157 a 4500
001 000027753
005 20200930031052.0
008 110125s1982 dr 000 0 spa d
040 _aDO-SdBNP
_bspa
_cBNPHU
082 _axxxx
_bI49
110 2 _aInstituto Nacional de Formación Técnico Profesional
_935749
245 1 0 _aINFOTEP :
_bbalance de actividades 1981 /.
260 _aSanto Domingo :
_bINFOTEC,
_c1982.
300 _a113 p.. ;
_c24 cm.
049 _aBNPD
999 _c27245
_d27245